000 00567nam a2200205 a 4500
005 20240808063716.0
008 991125s1980 ea 000 0 eng u
020 _a0471028673
035 _aUPN01000045853
049 _aCG
050 4 _aQA278
_bC6.6 1980
100 1 _aConover, W. J.
245 1 0 _aPractical nonparametric statistics /
_cW. J. Conover.
250 _a2a ed.
260 _aNew York :
_bJ. Wiley,
_c1980.
300 _a493 p.
440 0 _aWiley series in probability and mathematical statistics
650 4 _aEstadística
_92988
905 _aLibro
999 _c45853
_d45853